Wird geladen...
The principles of insect physiology /
| 1. Verfasser: | |
|---|---|
| Format: | Printed Book |
| Sprache: | English |
| Veröffentlicht: |
Lndon:
ELBS Chapman & Hall
c1972.
|
| Ausgabe: | 4th ed. |
| LEADER | 00442nam a2200121Ia 4500 | ||
|---|---|---|---|
| 008 | 130611s9999 xx 000 0 eng d | ||
| 999 | |c 126430 |d 126430 | ||
| 100 | |a WigglesworthV B | ||
| 245 | |a The principles of insect physiology / | ||
| 250 | |a 4th ed. | ||
| 260 | |a Lndon: |b ELBS Chapman & Hall |c c1972. | ||
| 942 | |c BK | ||
| 952 | |0 0 |1 0 |2 ddc |4 0 |6 571_157000000000000_WIG_I |7 0 |9 139805 |a ZOO |b ZOO |c ST1 |d 2013-06-11 |l 5 |o 571.157 WIG/I |p ZOO4468 |r 2019-04-02 |s 2018-09-13 |y BK | ||